| 000 | 01344cam a2200265 a 4500 | ||
|---|---|---|---|
| 001 | 107332 | ||
| 003 | GBCCL | ||
| 005 | 20241126110351.0 | ||
| 008 | 700507m19701971nyuac 000 0ceng | ||
| 010 | _a 76086526 | ||
| 035 | _a(OCoLC)ocm00071605 | ||
| 040 |
_aDLC _cDLC _dXFM _dOCL |
||
| 049 |
_aLBBK _v1 |
||
| 050 | 0 | 0 |
_aCT101 _b.R4 |
| 082 | 0 | 0 |
_a920.02 _bREA |
| 090 |
_aCT101 _b.R4 |
||
| 245 | 0 | 0 |
_aReader's digest family treasury of great biographies / _cselected and condensed by the editors of the Reader's digest. |
| 250 | _a1st ed. | ||
| 260 |
_aPleasantville, N.Y. : _bReader's Digest Association, _cc1970-71 |
||
| 300 |
_a12 v. : _bill. (part col.), ports. (part col.) ; _c21 cm. |
||
| 505 | 2 | _av.1. R.v.R, the life & times of Rembrandt van Rijn / Hendirik Willem van Loon. -- The Immortal lovers , Elizabeth Barett and Robert Browning / Frances Winwar -- The Autobiography of Benjamin Franklin -- The great physician: a short life of Sir William Osler / Edith Gittings Reid -- v. 2. George Washington, man and monument / M. Cunliff -- Mahatma Gandhi / V. Sheean -- Einstein / C.P. Snow -- Marie Antoinette / S. Zwei ; translated from the German by Eden and Cedar Paul -- The autobiography of Mark Twain / ed. by C. Neider. | |
| 650 | 0 |
_aBiography. _91717 |
|
| 740 | 0 | _aFamily treasury of great biographies. | |
| 942 |
_2ddc _cBK |
||
| 999 |
_c1014 _d1014 |
||